|
|
|
|
| LEADER |
01750cas a2200241 a 4500 |
| 001 |
AALejournalIMF008413 |
| 008 |
230101c9999 xx r poo 0 0eng d |
| 020 |
|
|
|c 5.00 USD
|
| 020 |
|
|
|z 9781451843682
|
| 022 |
|
|
|a 1018-5941
|
| 040 |
|
|
|a BD-DhAAL
|c BD-DhAAL
|
| 100 |
1 |
|
|a Molho, Lazaros.
|
| 245 |
1 |
4 |
|a The Italian Lira in the Narrow Erm Band :
|b The Challenge of Credibility /
|c Lazaros Molho.
|
| 264 |
|
1 |
|a Washington, D.C. :
|b International Monetary Fund,
|c 1991.
|
| 300 |
|
|
|a 1 online resource (38 pages)
|
| 490 |
1 |
|
|a IMF Working Papers
|
| 500 |
|
|
|a <strong>Off-Campus Access:</strong> No User ID or Password Required
|
| 500 |
|
|
|a <strong>On-Campus Access:</strong> No User ID or Password Required
|
| 506 |
|
|
|a Electronic access restricted to authorized BRAC University faculty, staff and students
|
| 520 |
3 |
|
|a Under free capital mobility, a high-inflation country pursuing a nonaccommodating exchange rate policy will have higher real interest rates than its lower-inflation trading partners as long as that policy is not credible. If the policy gains credibility prior to inflation convergence, the sign of the real interest rate differential may be reversed. Developments in interest rate differentials and capital and reserve flows suggest that Italy's nonaccommodating exchange rate policy has become significantly more credible in 1989-90. As improved credibility further limits their monetary autonomy, the Italian authorities will have to rely more on fiscal and incomes policies to promote disinflation.
|
| 538 |
|
|
|a Mode of access: Internet
|
| 830 |
|
0 |
|a IMF Working Papers; Working Paper ;
|v No. 1991/019
|
| 856 |
4 |
0 |
|z Full text available on IMF
|u http://elibrary.imf.org/view/journals/001/1991/019/001.1991.issue-019-en.xml
|z IMF e-Library
|